000 00534nam a2200217Ia 4500
003 0100
008 130227s9999 xx 000 0 und d
040 _cARRUPELIB
050 _aBR100.W49
100 _aWild, John
245 _aHuman freedom and social order
245 _ban essay in christian philosophy
260 _aDurham
260 _bDuke University Press
260 _C1959
300 _a250p.
300 _b 23 cm
650 _bEducation--Philosophy
650 _cEducation--Aims and objectives
942 _2lcc
_01
999 _c237
_d237